The written word : Forms of writing
Covered English forms of writing
Enregistré dans:
| Auteur principal: | |
|---|---|
| Format: | Livre |
| Langue: | Undetermined |
| Publié: |
Englewood Cliffs, N.J.
Prentice-Hall
1960
|
| Sujets: | |
| Tags: |
Ajouter un tag
Pas de tags, Soyez le premier à ajouter un tag!
|
| Thư viện lưu trữ: | Trung tâm Học liệu Trường Đại học Cần Thơ |
|---|
| LEADER | 00633nam a2200217Ia 4500 | ||
|---|---|---|---|
| 001 | CTU_219462 | ||
| 008 | 210402s9999 xx 000 0 und d | ||
| 082 | |a 808 | ||
| 082 | |b D184 | ||
| 100 | |a Daniel, Robert Woodham | ||
| 245 | 4 | |a The written word : | |
| 245 | 0 | |b Forms of writing | |
| 245 | 0 | |c Robert W. Daniel, Glenn Leggett | |
| 260 | |a Englewood Cliffs, N.J. | ||
| 260 | |b Prentice-Hall | ||
| 260 | |c 1960 | ||
| 520 | |a Covered English forms of writing | ||
| 650 | |a Tiếng Anh,English language | ||
| 650 | |x Tu từ học,Rhetoric | ||
| 904 | |i Nguyên | ||
| 980 | |a Trung tâm Học liệu Trường Đại học Cần Thơ | ||